000 00629nam a2200217 i 4500
001 bgj
100 1 _aPEHLKE, Michael.
245 1 0 _aRoboter und Gartenlaube :
_bIdeologie und Unterhaltung in der Science-Fiction-Literatur /
_cMichael Pehlke, Norbert Lingfeld.
260 _aMünchen :
_bCarl Hanser Verlag,
_c1970.
300 _a158, [1] s. ;
_c19 cm.
490 1 _aReihe Hanser
_v56
650 9 _aLiteratura niemiecka
700 1 _aLINGFELD, Norbert.
830 _aReihe Hanser
040 _cBPK
041 0 _ager
044 _aDEU
080 _a821.112.2
942 _cKS
008 s gw f |000 0 ger
999 _c50966
_d50966
856 _uhttp://koha.tu.koszalin.pl/cgi-bin/koha/opac-detail.pl?biblionumber=50966
_yKatalog online BPK